[Event "Satka Autumn op (Women)"]
[Site "Satka"]
[Date "2015.09.22"]
[Round "1"]
[White "Surovtseva, Alisa"]
[Black "Trapeznikova, Darya"]
[Result "0-1"]
[WhiteElo "1385"]
[BlackElo "2092"]
[PlyCount "112"]
[EventDate "2015.09.22"]
[EventType "swiss"]
[EventRounds "9"]
[EventCountry "RUS"]
[SourceTitle "CBM 168 Extra"]
[Source "ChessBase"]
[SourceDate "2015.10.29"]
[SourceVersion "1"]
[SourceVersionDate "2015.10.29"]
[SourceQuality "1"]

1. e4 e6 2. d4 d5 3. exd5 exd5 4. Nf3 Nf6 5. Bd3 c5 6. 0-0 c4 7. Re1+ Be7 8. Bf1 0-0 9. Bg5 Bg4 10. h3 Bh5 11. g4 Bg6 12. Ne5 Nc6 13. Nxg6 fxg6 14. Bg2 h6 15. Bh4 g5 16. Bg3 Qb6 17. b3 cxb3 18. axb3 Rae8 19. c3 Bd8 20. Nd2 Bc7 21. Bxc7 Qxc7 22. Nf1 Qf7 23. Qc2 Rxe1 24. Rxe1 Ne7 25. Ng3 Ng6 26. Nf5 Re8 27. Rxe8+ Qxe8 28. c4 Qe1+ 29. Kh2 Nf4 30. Ne7+ Qxe7 31. cxd5 Nxg2 32. Kxg2 Qd7 33. d6 Qc6+ 34. Qxc6 bxc6 35. Kf3 Kf7 36. Ke3 Ke6 37. Kd3 Kxd6 38. Kc4 Ne4 39. f3 Nd2+ 40. Kc3 Nxf3 41. Kd3 Kd5 42. Ke3 Nxd4 43. b4 Nc2+ 44. Kf3 Nxb4 45. Kg3 a5 46. h4 a4 47. hxg5 hxg5 48. Kf3 a3 49. Ke3 a2 50. Kd2 a1Q 51. Ke2 Ke4 52. Kf2 Qc3 53. Kg2 Qf3+ 54. Kh2 Qxg4 55. Kh1 Kf3 56. Kh2 Qg2# 0-1

[Event "Nezhmetdinov Memorial 37th"]
[Site "Kazan"]
[Date "2015.05.31"]
[Round "1"]
[White "Surovtseva, Alisa"]
[Black "Dmitriev, Igor"]
[Result "0-1"]
[WhiteElo "1344"]
[BlackElo "2229"]
[PlyCount "47"]
[EventDate "2015.05.31"]
[EventType "swiss"]
[EventRounds "9"]
[EventCountry "RUS"]
[SourceTitle "CBM 166 Extra"]
[Source "ChessBase"]
[SourceDate "2015.06.18"]
[SourceVersion "1"]
[SourceVersionDate "2015.06.18"]
[SourceQuality "1"]

1. e4 g6 2. d4 Bg7 3. Nc3 a6 4. Be3 b5 5. a3 Bb7 6. f3 d6 7. Bd3 Nd7 8. Nge2 c5 9. dxc5 dxc5 10. Ng3 e6 11. Qd2 h5 12. h4 Qc7 13. Qf2 Ne7 14. 0-0 Bf6 15. Nh1 0-0 16. f4 c4 17. Be2 Bxc3 18. bxc3 Bxe4 19. Bf3 Bxf3 20. Qxf3 Nf5 21. Rad1 Nxh4 22. Qf2 Nf5 23. Rd2 Nf6 24. Bc5 0-1